00677 2200205 4500001002100000005001700021008004100038022001400079035002500093040001200118082001500130084001900145090001900164245013400183260007300317300002900390650001800419850001200437990002200449INLIS00000000002110620160623144236.0  a0216-3128 a0010-061600000000517 aYOPDYOG 223a621.48 aDEP 621.48 Per aDEP 621.48 Per aProsiding Pertemuan dan Presentasi Ilmiah Penelitian Dasar Ilmu Pengetahuan dan Teknologi Nuklirb: Buku I Fisika, Reaktor Nuklir aYogyakartabBadan Teknologi Akselerator dan Proses Bahan BATANc2010 aviii, 246 hlm.c; 30 cm. aTenaga Nuklir aYOPDYOG aCB-D.11/2010-2325